000 00659nam a2200217 a 4500
005 20221109063830.0
008 160407s2002 mx r 000 0 spa d
020 _a9681911423
035 _aUPN01000209311
049 _aCG
050 4 _aBF1714 C5
_bK6.26
100 1 _aKoppel, Mónica
_939475
245 1 0 _a2003 año de la cabra :
_bfeng shui y ki de las nueve estrellas para obtener abundancia, armonía y amor /
_cMónica Koppel.
260 _aMéxico :
_bAlamah,
_c2002.
300 _a119 p. :
_bil.
440 0 _aTradiciones de oriente
650 4 _aASTROLOGIA CHINA
_925234
650 0 _aFeng shui
_925233
905 _aLibro
999 _c181412
_d181412